Star Spangled Banner - Sudden Death - Statistics

General Stats
  • This quiz has been taken 34,418 times
  • The average score is 12 of 22
Answers on the Grid
Answers color-coded by a green-red scale on the quiz's grid according to % correct below.
Across
Agony
Banner
Bombs
Brave
British
Broad
Bursting
Chivalrous
Flag
Gallantly
Glare
Grab
Guns'
Hoist
Home
Land
Moonlight
Nation's
Night
Of
Perilous
Proof
Ramparts
Rockets'
Shiny
Song
Spangled
Stars
Stirred
Streaming
Stripes
To
Twilight's
Unto
Was
 
Answer Stats
Answer % Correct
Banner
71%
Brave
65%
Spangled
64%
Bombs
62%
Land
62%
Flag
60%
Of
60%
Bursting
59%
Stars
59%
Rockets'
54%
Glare
52%
Stripes
51%
Twilight's
51%
Gallantly
50%
Night
49%
Ramparts
49%
Home
46%
Perilous
41%
Streaming
41%
Was
40%
Proof
39%
Broad
31%
No matching quizzes found
Score Distribution
Percent of People with Each Score
Percentile by Number Answered
Your Score History
You have not taken this quiz